000 01476nam a2200277 a 4500
001 73301
003 BD-RjUL
005 20211209082356.0
008 170530s1979 enka 001 0 eng d
020 _a08536901290
020 _a0853691290
035 _a(BD-RjUL)73519
040 _aNLM
_cNLM
_dAZA
_dSBH
_dOKH
_dEQO
_dBD-RjUL
_beng
041 _aeng
082 _223
_a615.1141
_bPHP 1979
110 2 _aPharmaceutical Society of Great Britain.
_bDepartment of Pharmaceutical Sciences.
_9201817
245 1 4 _aThe pharmaceutical codex :
_bincorporating the British pharmaceutical codex /
_cprepared in the Department of Pharmaceutical Sciences of the Pharmaceutical Society of Great Britain and published by direction of the Society's Council.
250 _a11th ed.
260 _aLondon :
_bPharmaceutical Press,
_c1979.
300 _axxiii, 1101 :
_bill. ;
_c28 cm.
500 _aPrevious edition called: British pharmaceutical codex, 1973.
520 _aAlphabetical listing of diseases, medicinal substances, entries on pharmaceutical topics, pesticides, surgical dressings, and entries describing chromatographic and spectrophotometric techniques. "Intended to update the British Pharmaceutical Codex 1973 as a formulary and general reference book but does not supersede that volume in respect of any standards not taken into the British Pharmacopoeia."
650 2 _aPharmacopoeias
_zGreat Britain
_9201812
740 0 1 _aBritish pharmaceutical codex
942 _2ddc
_cBK
999 _c73301
_d73301